Русский язык. Ч.1, Учебное пособие

Podrobná bibliografie
Hlavní autor: И. М. Васенкова
Další autoři: Н. В. Гужова, Е. Д. Мурад
Shrnutí:Книга находится в премиум-версии платформы «Русский как иностранный».
Пособие представляет собой рабочую тетрадь, в которой собран методически обработанный учебный материал, предназначенный для иностранных граждан, изучающих русский язык на подготовительном факультете. Цель учебного пособия – формирование языковой, речевой, коммуникативной компетенции в области письма и письменной речи. Пособие может быть рекомендовано при подготовке к сдаче теста первого и второго сертификационного уровня Российской государственной системы тестирования иностранных граждан.
Vydáno: Нижний Новгород, Нижегородский государственный архитектурно-строительный университет, ЭБС АСВ, 2019
Témata:
On-line přístup:Перейти к просмотру издания
Médium: MixedMaterials Elektronický zdroj

MARC

LEADER 00000 a2200000 4500
001 RU/ROS-EDU.RU/107392
856 4 |u https://www.ros-edu.ru/book?id=107392  |z Перейти к просмотру издания 
010 |a 978-5-528-00332-0 
100 |a 20190101d2019 |||y0rusy0250  
105 |a y z 000zy 
101 0 |a rus 
102 |a RU 
200 1 |a Русский язык. Ч.1  |b Электронный ресурс  |e Учебное пособие  |f И. М. Васенкова, Н. В. Гужова, Е. Д. Мурад 
700 1 |b И. М.  |a Васенкова  |4 070 
701 1 |b Н. В.  |a Гужова  |4 070 
701 1 |b Е. Д.  |a Мурад  |4 070 
330 |a Пособие представляет собой рабочую тетрадь, в которой собран методически обработанный учебный материал, предназначенный для иностранных граждан, изучающих русский язык на подготовительном факультете. Цель учебного пособия – формирование языковой, речевой, коммуникативной компетенции в области письма и письменной речи. Пособие может быть рекомендовано при подготовке к сдаче теста первого и второго сертификационного уровня Российской государственной системы тестирования иностранных граждан. 
210 |a Нижний Новгород  |c Нижегородский государственный архитектурно-строительный университет, ЭБС АСВ  |d 2019 
610 1 |a русский язык 
610 1 |a иностранный студент 
610 1 |a письменная речь 
610 1 |a морфология 
610 1 |a речевая коммуникация 
675 |a 81 
686 |a 81.2  |2 rubbk 
300 |a Книга находится в премиум-версии платформы «Русский как иностранный». 
215 |a 83 с.